Sthalajalabhramam/ (Record no. 44167)

000 -LEADER
fixed length control field 00331nam a22001451a 4500
082 ## - DEWEY DECIMAL CLASSIFICATION NUMBER
Classification number M3
Item number RAV/S
100 ## - MAIN ENTRY--AUTHOR NAME
Personal name Ravi
245 ## - TITLE STATEMENT
Title Sthalajalabhramam/
Statement of responsibility, etc by Ravi
260 ## - PUBLICATION, DISTRIBUTION, ETC. (IMPRINT)
Place of publication Thirunavaya:
Name of publisher Tao Books,
Year of publication 2002.
300 ## - PHYSICAL DESCRIPTION
Number of Pages 231p.
650 ## - SUBJECT ADDED ENTRY--TOPICAL TERM
Topical Term Novel Malayalam
650 ## - SUBJECT ADDED ENTRY--TOPICAL TERM
Topical Term Literature Malayalam
650 ## - SUBJECT ADDED ENTRY--TOPICAL TERM
Topical Term Literature
942 ## - ADDED ENTRY ELEMENTS (KOHA)
Koha item type Book
Holdings
Withdrawn status Lost status Damaged status Not for loan Permanent Location Current Location Date acquired Cost, normal purchase price Full call number Accession Number Cost, replacement price Price effective from Koha item type
        Sree Sankaracharya University of Sanskrit Sree Sankaracharya University of Sanskrit 08.01.2015 99.00 M3 RAV/S 045288 0.00 08.01.2015 Book